La vida y hechos de Estebanillo González : (Record n. 10984)

Dettagli MARC
000 -LEADER
fixed length control field 00777nam a22002171i 4500
003 - CONTROL NUMBER IDENTIFIER
control field IT-RoINE
005 - DATE AND TIME OF LATEST TRANSACTION
control field 20160216063147.0
008 - FIXED-LENGTH DATA ELEMENTS--GENERAL INFORMATION
fixed length control field 900725s1956 sp r |dspa d
040 ## - CATALOGING SOURCE
Original cataloging agency SpMaBN
Transcribing agency A2 IT-RoINE
130 00 - MAIN ENTRY--UNIFORM TITLE
Uniform title Estebanillo González
9 (RLIN) 22619
245 13 - TITLE STATEMENT
Title La vida y hechos de Estebanillo González :
Remainder of title hombre de buen humor /
Statement of responsibility, etc compuesta por él mismo ; edición y notas de Juan Millé y Giménez.
260 ## - PUBLICATION, DISTRIBUTION, ETC. (IMPRINT)
Place of publication, distribution, etc Madrid :
Name of publisher, distributor, etc Espasa-Calpe,
Date of publication, distribution, etc 1956.
300 ## - PHYSICAL DESCRIPTION
Extent 2 v. ;
Dimensions 19 cm.
336 ## - CONTENT TYPE
Source rdacontent
Content type term text
337 ## - MEDIA TYPE
Source rdamedia
Media type term unmediated
338 ## - CARRIER TYPE
Source rdacarrier
Carrier type term volume
490 1# - SERIES STATEMENT
Series statement Clásicos castellanos ;
Volume number/sequential designation 108-109
700 1# - ADDED ENTRY--PERSONAL NAME
Personal name Millé y Giménez, Juan,
Dates associated with a name 1884-1945
9 (RLIN) 22620
830 #0 - SERIES ADDED ENTRY--UNIFORM TITLE
9 (RLIN) 22520
Uniform title Clásicos castellanos (Espasa-Calpe) ;
Volume number/sequential designation 108-109
942 ## - ADDED ENTRY ELEMENTS (KOHA)
Item type Monografías
Dati di copia
Withdrawn status Lost status Damaged status Not for loan Home library Current library Date acquired Total Checkouts Full call number Barcode Date last seen Price effective from Koha item type Public note
        Iglesia Nacional Española en Roma Iglesia Nacional Española en Roma 16/02/2016   COL.A 31.108 19625 16/02/2016 16/02/2016 Monografías v. 1
        Iglesia Nacional Española en Roma Iglesia Nacional Española en Roma 16/02/2016   COL.A 31.109 19626 16/02/2016 16/02/2016 Monografías v. 2